Statystyki dla Wartościowości pierwiastków chemicznych.

Kliknij tutaj aby rozwiązać quiz!

Ogólne statystyki

  • Ten quiz został rozwiązany 128 razy
  • Średni wynik to 14 z 23

Statystyki odpowiedzi

ZagadnienieOdpowiedź% Poprawnych
Wodór (H)I
94%
Wapń (Ca)II
89%
Potas (K)I
85%
Sód (Na)I
82%
Magnez (Mg)II
82%
Żelazo (Fe)II, III
80%
Tlen (O)II
75%
Glin (Al)III
69%
Węgiel (C)II, IV
68%
Siarka (S)II, IV, VI
65%
Fosfor (P)III, V
63%
Lit (Li)I
61%
Azot (N)I, II, III, IV, V
61%
Miedź (Cu)I, II
59%
Chlor (Cl)I, III, V, VII
58%
Cyna (Sn)II, IV
56%
Cynk (Zn)II
54%
Krzem (Si)II, IV
51%
Ołów (Pb)II, IV
48%
Srebro (Ag)I, II
45%
Rtęć (Hg)I, II
44%
Jod (I)I, III, V, VII
42%
Złoto (Au)I, II, III
20%

Rozkład punktacji

Percentyl według liczby udzielonych odpowiedzi

Procent ludzi z każdym wynikiem

Twoja historia wyników

Nie rozwiązałeś tego quizu